Least Guessed European Cities - Statistics

General Stats
  • This quiz has been taken 50 times
  • The average score is 7 of 20
Answer Stats
Guessed City Population % Correct
23% Nizhny Novgorod 1.73m
63%
29% Kharkiv 1.64m
61%
33% Lviv 725k
59%
36% Donetsk 1.44m
56%
19% Dnipro 1.39m
51%
31% Volgograd 1.41m
51%
27% Rostov-on-Don 1.30m
46%
10% Voronezh 1.06m
41%
17% Krasnodar 915k
34%
30% Łódź 829k
34%
37% Zaragoza 726k
27%
30% Utrecht 995k
24%
36% Basel 771k
17%
14% Bielefeld 935k
17%
23% Mannheim 1.58m
17%
7% Zaporizhia 739k
17%
19% Coventry 712k
12%
26% Catania 704k
10%
24% Aachen 813k
7%
20% Saarbrücken 907k
5%
No matching quizzes found
Score Distribution
Percent of People with Each Score
Percentile by Number Answered
Your Score History
You have not taken this quiz